The process of economic development (Record no. 555)

MARC details
000 -LEADER
fixed length control field 00539 a2200193 4500
001 - CONTROL NUMBER
control field 066509
003 - CONTROL NUMBER IDENTIFIER
control field OSt
005 - DATE AND TIME OF LATEST TRANSACTION
control field 20210930161140.0
008 - FIXED-LENGTH DATA ELEMENTS--GENERAL INFORMATION
fixed length control field
082 ## - DEWEY DECIMAL CLASSIFICATION NUMBER
Classification number 338.9
Item number C99P
100 1# - MAIN ENTRY--PERSONAL NAME
Personal name Cypher, James M.
245 1# - TITLE STATEMENT
Title The process of economic development
Statement of responsibility, etc by James M. Cypher and James L. Dietz
250 ## - EDITION STATEMENT
Edition statement 3rd ed.
260 ## - PUBLICATION, DISTRIBUTION, ETC. (IMPRINT)
Place of publication, distribution, etc London
Name of publisher, distributor, etc Routledge
Date of publication, distribution, etc 2009
300 ## - PHYSICAL DESCRIPTION
Extent 613p.
690 ## - LOCAL SUBJECT ADDED ENTRY--TOPICAL TERM (OCLC, RLIN)
Topical term or geographic name as entry element Economic development; Economic policy; Development economics
700 ## - ADDED ENTRY--PERSONAL NAME
Personal name Dietz, James L.
942 ## - ADDED ENTRY ELEMENTS (KOHA)
Source of classification or shelving scheme Dewey Decimal Classification
Koha item type Books
Holdings
Withdrawn status Lost status Source of classification or shelving scheme Damaged status Not for loan Collection code Home library Current library Date acquired Source of acquisition Cost, normal purchase price Full call number Barcode Checked out Date last seen Price effective from Koha item type
    Dewey Decimal Classification     General Text Book Central University Of Rajasthan Central University Of Rajasthan 07/03/2012 ECO 2197.00 338.9 C99P 795 25/09/2014 02/09/2020 02/09/2020 Books